Priemgetallen - Sudden Death - Statistieken

Algemene statistieken
  • Deze quiz is 2.766 keer genomen
  • De gemiddelde score is 10 van 15
Answers on the Grid
Answers color-coded by a green-red scale on the quiz's grid according to % correct below.
1
2
3
4
5
6
7
8
9
10
11
12
13
14
15
16
17
18
19
20
21
22
23
24
25
26
27
28
29
30
31
32
33
34
35
36
37
38
39
40
41
42
43
44
45
46
47
48
49
50
 
Antwoordstatistieken
Antwoord % Correct
3
90%
7
85%
2
84%
5
81%
13
73%
11
71%
17
70%
19
66%
23
66%
29
53%
31
52%
37
51%
43
41%
47
40%
41
39%
Geen overeenkomende quizzen gevonden
Scoreverdeling
Procent van Mensen met Elke Score
Percentiel versus Aantal Correcte Antwoorden
Uw Scoregeschiedenis
U heeft deze quiz nog niet genomen